000 00536nam a2200193Ia 4500
005 20250508155720.0
008 008 250505s9999 xx 000 0 eng d
037 _aTextual
040 _aFEDL
_beng
_cFEDL
041 _aeng
_2eng
084 _a028.5, RAN
_qFEDL
100 _aRanganathan S R
245 0 _aPustkalya vargikaran ke multatv
260 _aBombay, India
_bAsia Publishing House
_c1945
300 _a201p.
650 _aLibrary Classification
942 _cTEXL
_h028.5, RAN
999 _c1358930
_d1358930